000 00387nam a2200157Ia 4500
008 230917s9999||||xx |||||||||||||| ||und||
040 _e136397
_aMAIN
041 _aEnglish
082 _a330.954 S58E
100 _aSankaran, S
245 0 _aEconomic development of India
250 _a4th ed.
260 _aBombay
_bProgressive corporation
_c1976
300 _a994p p.
942 _cBK
999 _c231826
_d231826